[Event "Wch Blitz"]
[Site "Moscow"]
[Date "2019.12.29"]
[Round "11"]
[White "Shimanov, Aleksandr"]
[Black "Carlsson, Pontus"]
[Result "1-0"]
[WhiteElo "2587"]
[BlackElo "2456"]
[PlyCount "92"]
[EventDate "2019.12.29"]
[EventType "swiss (blitz)"]
[EventRounds "21"]
[EventCountry "RUS"]
[SourceTitle "CBM 193 Extra"]
[Source "ChessBase"]
[SourceDate "2020.01.31"]
[SourceVersion "1"]
[SourceVersionDate "2020.01.31"]
[SourceQuality "1"]

1. Nf3 Nf6 2. c4 c6 3. Nc3 d5 4. e3 a6 5. h3 e6 6. b3 Nbd7 7. Bb2 b5 8. Be2 Bb7 9. 0-0 Be7 10. d4 bxc4 11. bxc4 dxc4 12. e4 c5 13. d5 exd5 14. e5 0-0 15. exf6 Nxf6 16. Nb1 Rb8 17. Na3 Ba8 18. Be5 Rb6 19. Rb1 Ne4 20. Qc2 Re6 21. Ba1 Qc8 22. Kh1 Rh6 23. Nh2 f5 24. Kg1 Bd6 25. Nf3 Qc7 26. Rbd1 Qe7 27. Nxc4 dxc4 28. Bxc4+ Kh8 29. Bd5 Bxd5 30. Rxd5 Re6 31. Rfd1 h6 32. Qd3 Kh7 33. Kf1 Qb7 34. Rb1 Qc6 35. Qc4 Be7 36. Ne5 Qc8 37. Rbd1 Rb6 38. Nd7 Rb4 39. Nxf8+ Bxf8 40. Qc2 Qe6 41. Re5 Qg6 42. a3 Rb6 43. Qc4 Bd6 44. Re6 Qg5 45. Qd5 Qf4 46. f3 Ng3+ 1-0

[Event "Wch Rapid"]
[Site "Moscow"]
[Date "2019.12.28"]
[Round "11"]
[White "Carlsson, Pontus"]
[Black "Grigoriants, Sergey"]
[Result "1/2-1/2"]
[WhiteElo "2456"]
[BlackElo "2542"]
[PlyCount "28"]
[EventDate "2019.12.26"]
[EventType "swiss (rapid)"]
[EventRounds "15"]
[EventCountry "RUS"]
[SourceTitle "CBM 193 Extra"]
[Source "ChessBase"]
[SourceDate "2020.01.31"]
[SourceVersion "1"]
[SourceVersionDate "2020.01.31"]
[SourceQuality "1"]

1. e4 e5 2. Nf3 Nc6 3. d4 exd4 4. Nxd4 Nf6 5. Nc3 Bb4 6. Nxc6 bxc6 7. Bd3 d5 8. exd5 0-0 9. 0-0 Bg4 10. f3 Bh5 11. Bg5 Qd6 12. Kh1 Bxc3 13. bxc3 cxd5 14. Qd2 Bg6 1/2-1/2

[Event "Wch Rapid"]
[Site "Moscow"]
[Date "2019.12.27"]
[Round "9"]
[White "Gukesh, Dommaraju"]
[Black "Carlsson, Pontus"]
[Result "1-0"]
[WhiteElo "2547"]
[BlackElo "2456"]
[PlyCount "97"]
[EventDate "2019.12.26"]
[EventType "swiss (rapid)"]
[EventRounds "15"]
[EventCountry "RUS"]
[SourceTitle "CBM 193 Extra"]
[Source "ChessBase"]
[SourceDate "2020.01.31"]
[SourceVersion "1"]
[SourceVersionDate "2020.01.31"]
[SourceQuality "1"]

1. Nf3 Nf6 2. c4 c5 3. g3 b6 4. Bg2 Bb7 5. 0-0 e6 6. Nc3 Be7 7. Re1 Ne4 8. Nxe4 Bxe4 9. d3 Bb7 10. e4 0-0 11. d4 cxd4 12. Nxd4 d6 13. b3 a6 14. Bb2 Nd7 15. Qe2 Qc7 16. Rac1 Rfe8 17. Red1 Rac8 18. Rd2 Qb8 19. Rcd1 Ba8 20. Nc2 b5 21. cxb5 axb5 22. Nd4 Rc5 23. b4 Rc4 24. a4 Rxb4 25. axb5 Ne5 26. Rc2 Qb6 27. Kh1 Bf8 28. f4 Nd7 29. Bc3 Ra4 30. Nc6 Nc5 31. e5 d5 32. Bd4 Bxc6 33. bxc6 Qxc6 34. Qe3 Rc8 35. Rdc1 Ra5 36. Bf1 g6 37. g4 Rc7 38. f5 Rc8 39. h4 Rc7 40. h5 Rc8 41. hxg6 hxg6 42. f6 Qa4 43. Rh2 Qa3 44. Rc3 Qa1 45. Qh3 Bh6 46. Qxh6 Qxf1+ 47. Bg1 Qxg1+ 48. Kxg1 Ra1+ 49. Rc1 1-0

[Event "Wch Rapid"]
[Site "Moscow"]
[Date "2019.12.27"]
[Round "8"]
[White "Khanin, Semen"]
[Black "Carlsson, Pontus"]
[Result "1-0"]
[WhiteElo "2500"]
[BlackElo "2456"]
[PlyCount "81"]
[EventDate "2019.12.26"]
[EventType "swiss (rapid)"]
[EventRounds "15"]
[EventCountry "RUS"]
[SourceTitle "CBM 193 Extra"]
[Source "ChessBase"]
[SourceDate "2020.01.31"]
[SourceVersion "1"]
[SourceVersionDate "2020.01.31"]
[SourceQuality "1"]

1. e4 c5 2. Nf3 d6 3. d4 Nf6 4. Nc3 cxd4 5. Nxd4 g6 6. Be2 Bg7 7. Be3 0-0 8. Qd2 Nc6 9. 0-0-0 Bd7 10. f3 Rc8 11. g4 Ne5 12. h4 b5 13. Ndxb5 Qa5 14. Nd4 Nc4 15. Bxc4 Rxc4 16. Nb3 Qa6 17. h5 Be6 18. hxg6 fxg6 19. Bd4 Rfc8 20. g5 Nh5 21. Bxg7 Nxg7 22. Kb1 Rxc3 23. bxc3 Rc4 24. Kb2 Qb5 25. Rb1 Ra4 26. Ka1 a5 27. Rb2 Qc4 28. Kb1 Nh5 29. Rd1 Ra3 30. Qd4 a4 31. Qxc4 Bxc4 32. Rd4 Be6 33. Nd2 Nf4 34. Ka1 Ne2 35. Rd3 Nxc3 36. Rb8+ Kg7 37. Kb2 Rxa2+ 38. Kxc3 a3 39. Ra8 Ra1 40. Nb3 Ra2 41. Rd1 1-0

[Event "Wch Rapid"]
[Site "Moscow"]
[Date "2019.12.26"]
[Round "3"]
[White "Carlsson, Pontus"]
[Black "Perunovic, Milos"]
[Result "1/2-1/2"]
[WhiteElo "2456"]
[BlackElo "2589"]
[PlyCount "72"]
[EventDate "2019.12.26"]
[EventType "swiss (rapid)"]
[EventRounds "15"]
[EventCountry "RUS"]
[SourceTitle "CBM 193 Extra"]
[Source "ChessBase"]
[SourceDate "2020.01.31"]
[SourceVersion "1"]
[SourceVersionDate "2020.01.31"]
[SourceQuality "1"]

1. e4 c5 2. Nf3 e6 3. c3 d5 4. exd5 exd5 5. Bb5+ Bd7 6. Bxd7+ Qxd7 7. 0-0 Nc6 8. d4 cxd4 9. Re1+ Be7 10. Nxd4 Nf6 11. Bg5 0-0 12. Nd2 Rfe8 13. N2b3 h6 14. Bh4 Ne4 15. Bxe7 Rxe7 16. f3 Nd6 17. Rxe7 Qxe7 18. Qe2 Qxe2 19. Nxe2 Nc4 20. Nbd4 Nxd4 21. cxd4 Re8 22. Nf4 Nxb2 23. Rb1 Nc4 24. Rxb7 Re1+ 25. Kf2 Rd1 26. Nxd5 Rxd4 27. Ne7+ Kh7 28. Rxa7 Rd2+ 29. Kg3 Ne3 30. h4 g5 31. hxg5 hxg5 32. Nc6 Rxg2+ 33. Kh3 Rf2 34. Kg3 Rg2+ 35. Kh3 Rf2 36. Kg3 Rg2+ 1/2-1/2

[Event "EU-chT 22nd"]
[Site "Batumi"]
[Date "2019.10.26"]
[Round "3.5"]
[White "Jones, Gawain C B"]
[Black "Carlsson, Pontus"]
[Result "1-0"]
[WhiteElo "2688"]
[BlackElo "2447"]
[PlyCount "77"]
[EventDate "2019.10.24"]
[EventType "team-swiss"]
[EventRounds "9"]
[EventCountry "GEO"]
[SourceTitle "CBM 193"]
[Source "ChessBase"]
[SourceDate "2019.12.31"]
[SourceVersion "1"]
[SourceVersionDate "2019.12.31"]
[SourceQuality "1"]
[WhiteTeam "England"]
[BlackTeam "Sweden"]
[WhiteTeamCountry "ENG"]
[BlackTeamCountry "SWE"]

1. e4 c6 2. Nc3 d5 3. Nf3 Bg4 4. h3 Bxf3 5. Qxf3 e6 6. Be2 Nf6 7. 0-0 Nbd7 8. d4 dxe4 9. Nxe4 Nxe4 10. Qxe4 Nf6 11. Qd3 Be7 12. Bd2 0-0 13. Rfd1 Qc7 14. c4 Rfd8 15. Bc3 Rd7 16. Qc2 Rad8 17. Bf3 b5 18. b3 b4 19. Bb2 a5 20. Qe2 Qb6 21. Rac1 Qa6 22. Rd3 a4 23. Rcd1 a3 24. Bc1 h6 25. Bf4 Qb6 26. Be5 Kf8 27. Qe3 Rb7 28. g4 Rbd7 29. Kg2 Ne8 30. Qe4 Rc8 31. Qh7 Bf6 32. Bf4 Rcd8 33. d5 cxd5 34. cxd5 Qb5 35. Bxh6 e5 36. g5 gxh6 37. gxf6 Nxf6 38. Qxh6+ Ke7 39. d6+ 1-0

[Event "SWE-ch"]
[Site "Eskilstuna"]
[Date "2019.07.07"]
[Round "2"]
[White "Carlsson, Pontus"]
[Black "Smith, Axel"]
[Result "0-1"]
[WhiteElo "2456"]
[BlackElo "2469"]
[PlyCount "82"]
[EventDate "2019.07.06"]
[EventType "tourn"]
[EventRounds "9"]
[EventCountry "SWE"]
[EventCategory "9"]
[SourceTitle "CBM 191 Extra"]
[Source "ChessBase"]
[SourceDate "2019.09.30"]
[SourceVersion "1"]
[SourceVersionDate "2019.09.30"]
[SourceQuality "1"]

1. e4 e6 2. d4 d5 3. Nd2 c5 4. Ngf3 cxd4 5. Nxd4 Nf6 6. exd5 Qxd5 7. Nb5 Na6 8. c4 Qd7 9. Be2 Nc7 10. Nc3 Bc5 11. 0-0 0-0 12. Nf3 Qe7 13. Bg5 h6 14. Bh4 Rd8 15. Qc1 Qf8 16. Ne5 Nce8 17. Bf3 Be7 18. a3 Nd6 19. b4 Nf5 20. Bg3 Nd4 21. Bd1 b6 22. Nb5 Bb7 23. Nxd4 Rxd4 24. Qe3 Rad8 25. Bf3 Bxf3 26. Qxf3 Ne4 27. Bf4 Nd2 28. Bxd2 Rxd2 29. Rad1 Rxd1 30. Rxd1 Rxd1+ 31. Qxd1 a5 32. c5 axb4 33. axb4 bxc5 34. b5 Qa8 35. Nc4 Qa2 36. Ne5 Qb2 37. Nc6 Bf8 38. Qf1 Qb3 39. Na5 Qa4 40. Nc6 c4 41. Ne5 c3 0-1